Lewis Edmund Crook, Jr., architect, 1898-1967 : a twentieth-century traditionalist in the deep South /

Bibliographic Details
Main Author: Mitchell, William R.
Format: Book
Language:English
Published: Atlanta, Ga. : History Business, 1984.
Edition:1st ed.
Subjects:

MARC

Tag First Indicator Second Indicator Subfields
LEADER 00000cam a2200000 a 4500
001 in00000545231
005 20151014053043.0
008 841029s1984 gaua b 00110 eng
010 |a  84062407  
020 |a 0961420308 :  |c $40.00 
035 |a (OCoLC)11762317 
035 |9 ACK1223AM 
039 0 |a 2  |b 3  |c 3  |d 3  |e 3 
040 |a DLC  |c DLC  |d TXA  |d UtOrBLW 
043 |a n-usu-- 
049 |a TXAM 
050 0 0 |a NA737.C76  |b M58 1984 
082 0 |a 720/.92/4  |2 19 
100 1 |a Mitchell, William R. 
245 1 0 |a Lewis Edmund Crook, Jr., architect, 1898-1967 :  |b a twentieth-century traditionalist in the deep South /  |c William Robert Mitchell, Jr. 
250 |a 1st ed. 
264 1 |a Atlanta, Ga. :  |b History Business,  |c 1984. 
300 |a x, 137 pages :  |b illustrations (some color) ;  |c 32 cm. 
336 |a text  |b txt  |2 rdacontent 
337 |a unmediated  |b n  |2 rdamedia 
338 |a volume  |b nc  |2 rdacarrier 
500 |a Includes index. 
504 |a Bibliography: pages 127-131. 
600 1 0 |a Crook, Lewis Edmund,  |d 1898-1967. 
650 0 |a Architecture  |z Southern States  |y 20th century. 
999 |a MARS 
999 f f |s 89648103-eab8-39ef-9d87-530e2a96288c  |i 1bf1bb62-b804-35ce-92a2-5bdf8d325e0c  |t 0 
952 f f |p ric  |a Texas A&M University  |b Rellis Campus  |c Joint Library Facility  |d Remote Storage  |t 0  |e NA737.C76 M58 1984  |h Library of Congress classification  |i unmediated -- volume  |m A14808332026 
998 f f |a NA737.C76 M58 1984  |t 0  |l Remote Storage